[Event "MCR_KT33"]
[Site "?"]
[Date "2007.??.??"]
[Round "?"]
[White "Petricek, Jiri"]
[Black "Lucan, Zdenko"]
[Result "1-0"]
[WhiteElo "1502"]
[BlackElo "1751"]
[PlyCount "39"]
[EventDate "2007.??.??"]
[EventType "corr"]
[EventRounds "2"]
[SourceDate "2007.05.01"]

1. e4 g6 2. Nc3 Nf6 3. e5 Nh5 4. d4 e6 5. Nf3 Bb4 6. Bh6 Nc6 7. g4 Bf8 8. Bxf8
Rxf8 9. gxh5 gxh5 10. Ne4 f5 11. Nf6+ Ke7 12. Rg1 h6 13. Rg7+ Rf7 14. Rxf7+
Kxf7 15. Nh4 Ne7 16. Qxh5+ Kg7 17. Ne8+ Kf8 18. Qxh6+ Kxe8 19. Qh8+ Ng8 20.
Qxg8+ 1-0

[Event "MCR_KT33"]
[Site "?"]
[Date "2007.??.??"]
[Round "?"]
[White "Lucan, Zdenko"]
[Black "Vins, Karel"]
[Result "1/2-1/2"]
[WhiteElo "1751"]
[BlackElo "1732"]
[PlyCount "36"]
[EventDate "2007.??.??"]
[EventType "corr"]
[EventRounds "2"]
[SourceDate "2007.05.01"]

1. b3 c5 2. Bb2 d5 3. e3 Nc6 4. Bb5 Bd7 5. Nf3 f6 6. d3 e5 7. Nbd2 Nge7 8. c4
d4 9. e4 g6 10. a3 a6 11. Bxc6 Nxc6 12. O-O a5 13. h3 Be7 14. Nh2 h5 15. Ndf3
Be6 16. Kh1 b6 17. Ng1 Qd7 18. Bc1 g5 1/2-1/2

[Event "MCR_KT33"]
[Site "?"]
[Date "2007.??.??"]
[Round "?"]
[White "Vins, Karel"]
[Black "Lucan, Zdenko"]
[Result "1/2-1/2"]
[WhiteElo "1732"]
[BlackElo "1751"]
[PlyCount "35"]
[EventDate "2007.??.??"]
[EventType "corr"]
[EventRounds "2"]
[SourceDate "2007.05.01"]

1. d4 Nf6 2. c4 e6 3. Nc3 Bb4 4. Qc2 O-O 5. g3 b6 6. Bg2 c6 7. e4 d6 8. Nge2
Bb7 9. f3 Nbd7 10. a3 Bxc3+ 11. Qxc3 a5 12. O-O h6 13. Be3 Re8 14. h3 Nf8 15.
g4 N8h7 16. Rad1 Qc7 17. e5 dxe5 18. dxe5 1/2-1/2

[Event "MCR_KT33"]
[Site "?"]
[Date "2007.??.??"]
[Round "?"]
[White "Vins, Karel"]
[Black "Hampl, Bohumil"]
[Result "0-1"]
[WhiteElo "1732"]
[BlackElo "1930"]
[PlyCount "36"]
[EventDate "2007.??.??"]
[EventType "corr"]
[EventRounds "2"]
[SourceDate "2007.05.01"]

1. d4 Nf6 2. c4 e5 3. dxe5 Ng4 4. Nf3 Nc6 5. e3 Ngxe5 6. Nxe5 Nxe5 7. Nc3 Bb4
8. Qc2 O-O 9. a3 Bxc3+ 10. Qxc3 d6 11. h3 Qf6 12. Qc2 Bf5 13. e4 Bg6 14. f4 Nc6
15. f5 Qh4+ 16. Kd1 Bh5+ 17. Kd2 Qf2+ 18. Kd3 Qd4# 0-1

[Event "MCR_KT33"]
[Site "?"]
[Date "2007.??.??"]
[Round "?"]
[White "Hampl, Bohumil"]
[Black "Vins, Karel"]
[Result "1-0"]
[WhiteElo "1930"]
[BlackElo "1732"]
[PlyCount "53"]
[EventDate "2007.??.??"]
[EventType "corr"]
[EventRounds "2"]
[SourceDate "2007.05.01"]

1. e4 e5 2. Nf3 Nc6 3. d4 exd4 4. Bc4 Nf6 5. e5 d5 6. Bb5 Ng8 7. Nxd4 Bd7 8.
Nc3 Nxd4 9. Qxd4 Bxb5 10. Nxb5 c6 11. Nc3 h6 12. Be3 Be7 13. e6 Bf6 14. exf7+
Kxf7 15. Qf4 a5 16. O-O-O Ne7 17. Ne4 Qc7 18. Nd6+ Kg8 19. Qg3 Kh7 20. Bd4 Bxd4
21. Rxd4 b5 22. Re1 Qxd6 23. Qxd6 Nf5 24. Qa3 Nxd4 25. Qd3+ Kg8 26. Qxd4 Rc8
27. Qg4 1-0

[Event "MCR_KT33"]
[Site "?"]
[Date "2007.??.??"]
[Round "?"]
[White "Krizek, Alex"]
[Black "Hampl, Bohumil"]
[Result "1-0"]
[WhiteElo "1930"]
[BlackElo "1600"]
[PlyCount "41"]
[EventDate "2007.??.??"]
[EventType "corr"]
[EventRounds "2"]
[SourceDate "2007.05.01"]

1. c4 Nf6 2. Nc3 c6 3. Nf3 d5 4. cxd5 cxd5 5. d4 Nc6 6. Bf4 Bf5 7. e3 e6 8. Bb5
Nd7 9. O-O Rc8 10. Re1 a6 11. Bxc6 Rxc6 12. e4 dxe4 13. Nxe4 Bxe4 14. Rxe4 Nf6
15. Re2 Nd5 16. Bg5 f6 17. Ne5 Rd6 18. Rc2 fxg5 19. Rac1 Nb6 20. Qh5+ g6 21.
Qf3 1-0

[Event "MCR_KT33"]
[Site "?"]
[Date "2007.??.??"]
[Round "?"]
[White "Lucan, Zdenko"]
[Black "Petricek, Jiri"]
[Result "0-1"]
[WhiteElo "1751"]
[BlackElo "1502"]
[PlyCount "46"]
[EventDate "2007.??.??"]
[EventType "corr"]
[EventRounds "2"]
[SourceDate "2007.05.01"]

1. Nf3 d5 2. g3 Nf6 3. Bg2 Nbd7 4. d3 e5 5. Nbd2 Bd6 6. c4 c6 7. b3 e4 8. dxe4
dxe4 9. Nd4 Be5 10. e3 c5 11. Nxe4 Nxe4 12. Bxe4 Nf6 13. f4 Bxd4 14. exd4 Nxe4
15. Qe2 O-O 16. O-O Nc3 17. Qd3 Qxd4+ 18. Qxd4 cxd4 19. Bb2 Ne2+ 20. Kf2 Bg4
21. Rfe1 d3 22. Rxe2 dxe2 23. Re1 Rad8 0-1

[Event "MCR_KT33"]
[Site "?"]
[Date "2007.??.??"]
[Round "?"]
[White "Krizek, Alex"]
[Black "Vins, Karel"]
[Result "1-0"]
[WhiteElo "1600"]
[BlackElo "1732"]
[PlyCount "63"]
[EventDate "2007.??.??"]
[EventType "corr"]
[EventRounds "2"]
[SourceDate "2007.05.01"]

1. c4 e5 2. Nc3 Nf6 3. Nf3 Nc6 4. g3 d5 5. cxd5 Nxd5 6. Bg2 Nxc3 7. bxc3 Bd6 8.
O-O O-O 9. d3 Bd7 10. Qb3 Rb8 11. Bg5 Qc8 12. Be3 b6 13. c4 Be6 14. Ng5 Nd4 15.
Bxd4 exd4 16. e3 dxe3 17. fxe3 h6 18. Nxe6 Qxe6 19. Rae1 c5 20. Qa4 a5 21. Bd5
Qe7 22. Rf3 Kh8 23. Ref1 f6 24. Be4 Bc7 25. Qc2 Rfe8 26. Qe2 Qd6 27. Rf4 Re5
28. Qg4 Rg5 29. Qh3 Rf8 30. Rf5 Qd7 31. Rxf6 Rxf6 32. Qxd7 1-0

[Event "MCR_KT33"]
[Site "?"]
[Date "2007.??.??"]
[Round "?"]
[White "Krizek, Alex"]
[Black "Lucan, Zdenko"]
[Result "1-0"]
[WhiteElo "1600"]
[BlackElo "1751"]
[PlyCount "55"]
[EventDate "2007.??.??"]
[EventType "corr"]
[EventRounds "2"]
[SourceDate "2007.05.01"]

1. c4 e5 2. Nc3 Nc6 3. Nf3 Nf6 4. g3 d5 5. cxd5 Nxd5 6. Bg2 Nxc3 7. bxc3 e4 8.
Ng1 Bf5 9. Qb3 b6 10. Qc4 Qd6 11. Bxe4 Bxe4 12. Qxe4+ Be7 13. Ba3 Qe6 14. Qxe6
fxe6 15. Bxe7 Nxe7 16. f4 c5 17. e4 O-O-O 18. Nf3 h6 19. d4 cxd4 20. Nxd4 Rd6
21. O-O-O Kb7 22. e5 Rd5 23. Nxe6 Rxd1+ 24. Rxd1 Nc6 25. Rd7+ Ka6 26. Nc7+ Ka5
27. Rxg7 a6 28. e6 1-0

[Event "MCR_KT33"]
[Site "?"]
[Date "2007.??.??"]
[Round "?"]
[White "Vins, Karel"]
[Black "Krizek, Alex"]
[Result "0-1"]
[WhiteElo "1732"]
[BlackElo "1600"]
[PlyCount "76"]
[EventDate "2007.??.??"]
[EventType "corr"]
[EventRounds "2"]
[SourceDate "2007.05.01"]

1. d4 d5 2. Nf3 Nf6 3. g3 e6 4. Bg2 Be7 5. e3 O-O 6. O-O c5 7. c3 Nc6 8. dxc5
Bxc5 9. Nd4 e5 10. Nxc6 bxc6 11. b4 Be7 12. a3 Ba6 13. Re1 e4 14. Nd2 Bd6 15.
Bf1 Bxf1 16. Rxf1 Qd7 17. f4 Qh3 18. Re1 Ng4 19. Nf1 a5 20. Bd2 Be7 21. Qe2 f5
22. Qg2 Qh5 23. h3 Nf6 24. Rec1 Rfb8 25. Rcb1 Bd6 26. Nh2 Nd7 27. g4 Qf7 28.
Qe2 Nb6 29. g5 Nc4 30. Be1 Qa7 31. Bf2 axb4 32. cxb4 Nxa3 33. Rc1 Qb6 34. Nf1
Bxb4 35. Nd2 Bxd2 36. Qxd2 Nc4 37. Qc3 c5 38. Rxa8 Rxa8 0-1

[Event "MCR_KT33"]
[Site "?"]
[Date "2007.??.??"]
[Round "?"]
[White "Hampl, Bohumil"]
[Black "Lucan, Zdenko"]
[Result "1-0"]
[WhiteElo "1930"]
[BlackElo "1751"]
[PlyCount "47"]
[EventDate "2007.??.??"]
[EventType "corr"]
[EventRounds "2"]
[SourceDate "2007.05.01"]

1. e4 e5 2. Nf3 d6 3. d4 Nf6 4. Nc3 exd4 5. Nxd4 Be7 6. Bc4 O-O 7. O-O c6 8.
Be2 b5 9. a3 a6 10. Be3 c5 11. Nf5 Bxf5 12. exf5 Nbd7 13. Bf3 Rb8 14. Re1 Ne5
15. Bf4 Nxf3+ 16. Qxf3 Ne8 17. Rad1 a5 18. Ne4 Rb6 19. Nxc5 Qc7 20. Qe3 Nf6 21.
Nd7 Nxd7 22. Qxe7 Qd8 23. Bxd6 Qxe7 24. Bxe7 1-0

[Event "MCR_KT33"]
[Site "?"]
[Date "2007.??.??"]
[Round "?"]
[White "Lucan, Zdenko"]
[Black "Hampl, Bohumil"]
[Result "0-1"]
[WhiteElo "1751"]
[BlackElo "1930"]
[PlyCount "46"]
[EventDate "2007.??.??"]
[EventType "corr"]
[EventRounds "2"]
[SourceDate "2007.05.01"]

1. b3 e5 2. Bb2 Nc6 3. e3 Nf6 4. d3 d5 5. Be2 Bd6 6. Nd2 O-O 7. c3 Bf5 8. Ngf3
Qd7 9. Nf1 e4 10. Nd4 exd3 11. Bxd3 Nxd4 12. cxd4 Bxd3 13. Qxd3 Rfe8 14. h3 Ne4
15. Qe2 Bb4+ 16. Kd1 Nc3+ 17. Bxc3 Bxc3 18. Rc1 Bxd4 19. Qd3 Be5 20. f4 Bf6 21.
Ng3 b6 22. Re1 Bh4 23. e4 Bxg3 0-1

[Event "MCR_KT33"]
[Site "?"]
[Date "2007.??.??"]
[Round "?"]
[White "Krizek, Alex"]
[Black "Petricek, Jiri"]
[Result "0-1"]
[WhiteElo "1600"]
[BlackElo "1502"]
[PlyCount "51"]
[EventDate "2007.??.??"]
[EventType "corr"]
[EventRounds "2"]
[SourceDate "2007.05.01"]

1. c4 e5 2. Nc3 Nc6 3. Nf3 Nf6 4. e3 Bb4 5. Qc2 d6 6. Nd5 Bc5 7. a3 a5 8. Be2
Be6 9. Nc3 O-O 10. Ng5 Bd7 11. Nd5 g6 12. Nxf6+ Qxf6 13. Ne4 Qh4 14. Nxc5 dxc5
15. O-O Bf5 16. d3 b6 17. b3 e4 18. Bb2 Rae8 19. Rad1 Ne5 20. Bxe5 Rxe5 21. d4
cxd4 22. Rxd4 Qg5 23. Rfd1 Kg7 24. Qc3 Bh3 25. Bf1 Qf6 26. f4 0-1

[Event "MCR_KT33"]
[Site "?"]
[Date "2007.??.??"]
[Round "?"]
[White "Petricek, Jiri"]
[Black "Krizek, Alex"]
[Result "1-0"]
[WhiteElo "1502"]
[BlackElo "1600"]
[PlyCount "50"]
[EventDate "2007.??.??"]
[EventType "corr"]
[EventRounds "2"]
[SourceDate "2007.05.01"]

1. e4 c5 2. Nc3 Nc6 3. Nge2 Nf6 4. d4 cxd4 5. Nxd4 d6 6. Bb5 Bd7 7. O-O e5 8.
Nf3 Be7 9. Bg5 a6 10. Bc4 Na5 11. Bxf6 Bxf6 12. Bd5 O-O 13. Qd3 Rc8 14. Bb3
Nxb3 15. axb3 Be6 16. Rfe1 Be7 17. b4 Qb6 18. Nd5 Bxd5 19. exd5 Qxb4 20. Rab1
Qc4 21. Qxc4 Rxc4 22. c3 Rc5 23. Rbd1 Rfc8 24. g3 g6 25. Kf1 Rb5 1-0

[Event "MCR_KT33"]
[Site "?"]
[Date "2007.??.??"]
[Round "?"]
[White "Lucan, Zdenko"]
[Black "Krizek, Alex"]
[Result "0-1"]
[WhiteElo "1751"]
[BlackElo "1732"]
[PlyCount "56"]
[EventDate "2007.??.??"]
[EventType "corr"]
[EventRounds "2"]
[SourceDate "2007.05.01"]

1. b3 e5 2. Bb2 Nc6 3. c4 Bc5 4. Nc3 Nf6 5. g3 d6 6. Bg2 a6 7. Ne4 Nxe4 8. Bxe4
Qf6 9. Nf3 Bf5 10. Bxf5 Qxf5 11. O-O O-O 12. d3 Rae8 13. e4 Qh3 14. a3 f5 15.
Ng5 Qg4 16. Nf3 fxe4 17. dxe4 Qxf3 18. Qxf3 Rxf3 19. b4 Bd4 20. Bxd4 exd4 21.
Kg2 Rc3 22. b5 Na5 23. a4 Rxe4 24. bxa6 bxa6 25. f3 Re2+ 26. Rf2 Rxf2+ 27. Kxf2
Rc2+ 28. Kg1 Nxc4 0-1

[Event "MCR_KT33"]
[Site "?"]
[Date "2007.??.??"]
[Round "?"]
[White "Petricek, Jiri"]
[Black "Vins, Karel"]
[Result "1/2-1/2"]
[WhiteElo "1502"]
[BlackElo "1732"]
[PlyCount "56"]
[EventDate "2007.??.??"]
[EventType "corr"]
[EventRounds "2"]
[SourceDate "2007.05.01"]

1. e4 e5 2. Nf3 Nc6 3. Bb5 a6 4. Ba4 Be7 5. O-O Nf6 6. Nc3 b5 7. Bb3 d6 8. Re1
O-O 9. Nd5 Na5 10. d4 Nxb3 11. axb3 Nxd5 12. exd5 exd4 13. Nxd4 Bf6 14. Nxb5
Bd7 15. Nd4 Re8 16. Be3 Be5 17. c3 Qf6 18. Qf3 Bxd4 19. cxd4 Qxf3 20. gxf3 Bf5
21. Rac1 Rec8 22. Bd2 Rab8 23. Ba5 f6 24. Rxc7 Rxc7 25. Bxc7 Rxb3 26. Bxd6 Rxb2
27. Kg2 Rb7 28. Re8+ Kf7 1/2-1/2

[Event "MCR_KT33"]
[Site "?"]
[Date "2007.??.??"]
[Round "?"]
[White "Vins, Karel"]
[Black "Petricek, Jiri"]
[Result "1/2-1/2"]
[WhiteElo "1732"]
[BlackElo "1502"]
[PlyCount "55"]
[EventDate "2007.??.??"]
[EventType "corr"]
[EventRounds "2"]
[SourceDate "2007.05.01"]

1. d4 Nf6 2. c4 e6 3. Nc3 d5 4. cxd5 exd5 5. g3 c6 6. Bg2 Bd6 7. e3 O-O 8. Nge2
Bf5 9. O-O Nbd7 10. a3 Qc7 11. f4 Rfe8 12. h3 Be4 13. Bxe4 Nxe4 14. Nxe4 Rxe4
15. Nc3 Re6 16. Qf3 f5 17. Bd2 Nf6 18. b4 Ne4 19. Nxe4 Rxe4 20. Rfe1 h5 21. Kf2
Rf8 22. h4 a6 23. Qd1 Rc8 24. Rc1 Qd7 25. Rh1 c5 26. dxc5 Be7 27. Bc3 Re8 28.
Be5 1/2-1/2

[Event "MCR_KT33"]
[Site "?"]
[Date "2007.??.??"]
[Round "?"]
[White "Hampl, Bohumil"]
[Black "Petricek, Jiri"]
[Result "1/2-1/2"]
[WhiteElo "1930"]
[BlackElo "1502"]
[PlyCount "49"]
[EventDate "2007.??.??"]
[EventType "corr"]
[EventRounds "2"]
[SourceDate "2007.05.01"]

1. e4 e5 2. Nf3 Nc6 3. d4 exd4 4. Bc4 Qf6 5. O-O Bb4 6. Qd3 Nge7 7. Nbd2 O-O 8.
Nb3 d6 9. a3 Bc5 10. Bg5 Qg6 11. Bxe7 Nxe7 12. Nfxd4 Bb6 13. Rae1 a5 14. Re3 a4
15. Nc1 Qh5 16. Nce2 Nc6 17. f4 Bxd4 18. Nxd4 Nxd4 19. Qxd4 Qc5 20. Qxc5 dxc5
21. Rd1 Bg4 22. Rd5 b6 23. Bb5 Be6 24. Rd2 g6 25. Red3 1/2-1/2

[Event "MCR_KT33"]
[Site "?"]
[Date "2007.??.??"]
[Round "?"]
[White "Petricek, Jiri"]
[Black "Hampl, Bohumil"]
[Result "1/2-1/2"]
[WhiteElo "1502"]
[BlackElo "1930"]
[PlyCount "48"]
[EventDate "2007.??.??"]
[EventType "corr"]
[EventRounds "2"]
[SourceDate "2007.05.01"]

1. e4 e5 2. Nf3 Nc6 3. Nc3 Nf6 4. d4 exd4 5. Nxd4 Bb4 6. Nxc6 bxc6 7. Bd2 O-O
8. Bd3 Re8 9. O-O Bxc3 10. Bxc3 Nxe4 11. Bd4 d5 12. f3 Ng5 13. Re1 Rxe1+ 14.
Qxe1 Ne6 15. Be5 Qg5 16. f4 Qe7 17. f5 Nc5 18. f6 Qe6 19. fxg7 Nxd3 20. cxd3
Ba6 21. d4 f6 22. Bg3 Be2 23. Qa5 a6 24. Qxc7 Rc8 1/2-1/2

[Event "MCR_KT33"]
[Site "?"]
[Date "2007.??.??"]
[Round "?"]
[White "Masek, Frantisek"]
[Black "Petricek, Jiri"]
[Result "1/2-1/2"]
[WhiteElo "1864"]
[BlackElo "1502"]
[PlyCount "33"]
[EventDate "2007.??.??"]
[EventType "corr"]
[EventRounds "2"]
[SourceDate "2007.05.01"]

1. d4 Nf6 2. c4 e6 3. g3 d5 4. Bg2 dxc4 5. Nc3 c6 6. Bg5 h6 7. Bxf6 Qxf6 8. e4
e5 9. dxe5 Qxe5 10. f4 Qc5 11. Qf3 Be6 12. O-O-O Nd7 13. Nge2 h5 14. h3 O-O-O
15. e5 Qb6 16. Nd4 Nxe5 17. Na4 1/2-1/2

[Event "MCR_KT33"]
[Site "?"]
[Date "2007.??.??"]
[Round "?"]
[White "Petricek, Jiri"]
[Black "Masek, Frantisek"]
[Result "1/2-1/2"]
[WhiteElo "1502"]
[BlackElo "1864"]
[PlyCount "32"]
[EventDate "2007.??.??"]
[EventType "corr"]
[EventRounds "2"]
[SourceDate "2007.05.01"]

1. e4 c5 2. Nf3 Nc6 3. d4 cxd4 4. Nxd4 Nf6 5. Nc3 d6 6. Bb5 Bd7 7. O-O g6 8.
Nf3 Bg7 9. Re1 Ng4 10. Nd5 O-O 11. h3 Nge5 12. Bxc6 Nxf3+ 13. Qxf3 bxc6 14. Nf4
Rb8 15. c3 Be5 16. Nd3 Bh8 1/2-1/2

[Event "MCR_KT33"]
[Site "?"]
[Date "2007.??.??"]
[Round "?"]
[White "Vins, Karel"]
[Black "Masek, Frantisek"]
[Result "1-0"]
[WhiteElo "1732"]
[BlackElo "1864"]
[PlyCount "80"]
[EventDate "2007.??.??"]
[EventType "corr"]
[EventRounds "2"]
[SourceDate "2007.05.01"]

1. d4 Nf6 2. c4 e6 3. Nc3 Bb4 4. Qc2 c5 5. e3 cxd4 6. exd4 Nc6 7. Nf3 d5 8. a3
Ba5 9. b4 Bb6 10. c5 Bc7 11. Bd3 O-O 12. O-O e5 13. dxe5 Nxe5 14. Nxe5 Bxe5 15.
Rb1 Re8 16. Bg5 Bxc3 17. Qxc3 Ne4 18. Bxe4 Qxg5 19. Bc2 Bh3 20. Qxh3 g6 21. Qd3
Rad8 22. Rfe1 Re6 23. Bb3 a5 24. bxa5 Qe7 25. Rxe6 fxe6 26. Rc1 Rb8 27. Bxd5
exd5 28. Qxd5+ Kg7 29. Qd4+ Qf6 30. Qxf6+ Kxf6 31. g3 Rc8 32. Rb1 Rxc5 33. Rxb7
Rxa5 34. Rxh7 Rxa3 35. Rb7 Ra2 36. Rb5 Re2 37. Kg2 Re5 38. Rxe5 Kxe5 39. h4 Ke4
40. f3+ Kf5 1-0

[Event "MCR_KT33"]
[Site "?"]
[Date "2007.??.??"]
[Round "?"]
[White "Masek, Frantisek"]
[Black "Lucan, Zdenko"]
[Result "1-0"]
[WhiteElo "1864"]
[BlackElo "1751"]
[PlyCount "57"]
[EventDate "2007.??.??"]
[EventType "corr"]
[EventRounds "2"]
[SourceDate "2007.05.01"]

1. e4 c6 2. d4 d5 3. exd5 cxd5 4. c4 Nf6 5. Nc3 dxc4 6. Bxc4 e6 7. Nf3 Be7 8.
O-O O-O 9. Re1 Nc6 10. Bg5 Nd5 11. Bxe7 Ncxe7 12. Ne5 Nxc3 13. bxc3 Nd5 14. Qb3
Qb6 15. Bxd5 exd5 16. Qxd5 Be6 17. Qf3 Rac8 18. d5 f6 19. Nc4 Rxc4 20. dxe6 Re8
21. Re3 Rc7 22. Rae1 Rce7 23. Qf5 Rf8 24. Qg4 Rxe6 25. Rxe6 Qd8 26. Re7 g5 27.
Qe6+ Kh8 28. Qf5 Qxe7 29. Rxe7 1-0

[Event "MCR_KT33"]
[Site "?"]
[Date "2007.??.??"]
[Round "?"]
[White "Lucan, Zdenko"]
[Black "Masek, Frantisek"]
[Result "0-1"]
[WhiteElo "1751"]
[BlackElo "1864"]
[PlyCount "56"]
[EventDate "2007.??.??"]
[EventType "corr"]
[EventRounds "2"]
[SourceDate "2007.05.01"]

1. b3 d5 2. Bb2 Nf6 3. Bxf6 exf6 4. d4 c5 5. c3 cxd4 6. cxd4 Bb4+ 7. Nd2 Bc3 8.
Rc1 Bb2 9. Rc2 Bxd4 10. Ngf3 Be5 11. Nxe5 fxe5 12. e3 O-O 13. Be2 Bf5 14. Rc1
Nc6 15. O-O Rc8 16. a3 Qa5 17. Ra1 Rfd8 18. Re1 Qc3 19. Qc1 d4 20. Qxc3 dxc3
21. Nc4 b5 22. Nxe5 Nxe5 23. f4 Nd3 24. Bxd3 Bxd3 25. Rac1 c2 26. g3 Rc3 27.
Kf2 Rxb3 28. e4 Rxa3 0-1

[Event "MCR_KT33"]
[Site "?"]
[Date "2007.??.??"]
[Round "?"]
[White "Masek, Frantisek"]
[Black "Vins, Karel"]
[Result "1-0"]
[WhiteElo "1864"]
[BlackElo "1732"]
[PlyCount "79"]
[EventDate "2007.??.??"]
[EventType "corr"]
[EventRounds "2"]
[SourceDate "2007.05.01"]

1. d4 d5 2. Nf3 Nf6 3. Bf4 Bf5 4. e3 e6 5. Bd3 Bxd3 6. cxd3 Bd6 7. Bxd6 cxd6 8.
O-O O-O 9. Nc3 Nc6 10. Re1 a6 11. Re2 h6 12. Rc1 Rc8 13. a3 Re8 14. b4 b5 15.
Qd2 Qd7 16. e4 dxe4 17. dxe4 e5 18. d5 Ne7 19. h3 Ng6 20. Qe3 Ra8 21. Rec2 Red8
22. Ne2 Ne8 23. Ng3 f6 24. Nf5 Ne7 25. Nxe7+ Qxe7 26. Nh4 Qb7 27. Nf5 a5 28.
Qg3 Rd7 29. Nxh6+ Kf8 30. Nf5 axb4 31. axb4 g5 32. Qf3 Rh7 33. Qe2 Rb8 34. Rc6
Rd7 35. Ne3 Rdd8 36. Qh5 Qf7 37. Qxf7+ Kxf7 38. Nf5 Rb7 39. Ra1 Rdd7 40. Raa6
1-0

[Event "MCR_KT33"]
[Site "?"]
[Date "2007.??.??"]
[Round "?"]
[White "Masek, Frantisek"]
[Black "Krizek, Alex"]
[Result "0-1"]
[WhiteElo "1864"]
[BlackElo "1600"]
[PlyCount "86"]
[EventDate "2007.??.??"]
[EventType "corr"]
[EventRounds "2"]
[SourceDate "2007.05.01"]

1. c4 e5 2. Nc3 Nc6 3. Nf3 Nf6 4. e3 Be7 5. d4 exd4 6. Nxd4 O-O 7. Be2 Bb4 8.
O-O Bxc3 9. bxc3 Qe7 10. Nxc6 dxc6 11. Qb3 Re8 12. Ba3 c5 13. Bf3 Ne4 14. Rad1
b6 15. Rfe1 Bf5 16. Re2 Rad8 17. Rb2 Qe5 18. Bxe4 Bxe4 19. Rbd2 Qg5 20. g3 Rc8
21. Rc1 Qf5 22. f4 Bd3 23. Re1 Qe4 24. Qb2 Rcd8 25. h4 f5 26. Rh2 Re6 27. Rf2
Rg6 28. Rg2 Bxc4 29. Qf2 Rd3 30. Qc2 Bd5 31. Kh2 Qxg2+ 32. Qxg2 Bxg2 33. Kxg2
Rxc3 34. Bc1 Rc2+ 35. Kf3 Rxa2 36. e4 fxe4+ 37. Rxe4 Kf7 38. h5 Rd6 39. f5 Rd3+
40. Be3 Raa3 41. g4 Rxe3+ 42. Rxe3 Rxe3+ 43. Kxe3 h6 0-1

[Event "MCR_KT33"]
[Site "?"]
[Date "2007.??.??"]
[Round "?"]
[White "Masek, Frantisek"]
[Black "Hampl, Bohumil"]
[Result "0-1"]
[WhiteElo "1864"]
[BlackElo "1930"]
[PlyCount "80"]
[EventDate "2007.??.??"]
[EventType "corr"]
[EventRounds "2"]
[SourceDate "2007.05.01"]

1. e4 e5 2. f4 d5 3. exd5 e4 4. d3 Nf6 5. Nc3 Bb4 6. Bd2 e3 7. Bxe3 O-O 8. Bd2
Bxc3 9. Bxc3 Re8+ 10. Ne2 Nxd5 11. Bd2 Qf6 12. Qc1 Bg4 13. c3 Qh4+ 14. g3 Qh5
15. Kf2 Bxe2 16. Bg2 Bxd3 17. Bf3 Re2+ 18. Bxe2 Qxe2+ 19. Kg1 Be4 20. Qf1 Qxd2
21. Re1 f5 22. Re2 Qd3 23. a3 Qf3 24. Qxf3 Bxf3 25. Re1 Nc6 26. h4 Bxh1 27.
Kxh1 Kf7 28. c4 Nf6 29. Kg2 Rd8 30. b4 Rd3 31. a4 Nd4 32. Kh1 Rxg3 33. b5 Ne4
34. Rg1 Rh3+ 35. Kg2 Rxh4 36. Rf1 Rg4+ 37. Kh2 Ne2 38. a5 Rh4+ 39. Kg2 Nxf4+
40. Kf3 Nd2+ 0-1

[Event "MCR_KT33"]
[Site "?"]
[Date "2007.??.??"]
[Round "?"]
[White "Krizek, Alex"]
[Black "Masek, Frantisek"]
[Result "1-0"]
[WhiteElo "1600"]
[BlackElo "1864"]
[PlyCount "91"]
[EventDate "2007.??.??"]
[EventType "corr"]
[EventRounds "2"]
[SourceDate "2007.05.01"]

1. e4 c6 2. Nc3 e6 3. Nf3 d5 4. exd5 cxd5 5. Bb5+ Nc6 6. Ne5 Qc7 7. d4 Nf6 8.
Bg5 Be7 9. O-O O-O 10. Bxc6 bxc6 11. Qd3 Rb8 12. b3 h6 13. Bh4 Bb7 14. Rfe1 Bd6
15. Bxf6 gxf6 16. Ng4 Kg7 17. Qh3 Rh8 18. Qf3 f5 19. Ne5 Rhg8 20. Qe3 Bc8 21.
Ne2 f6 22. Nf3 e5 23. Nh4 f4 24. Qd2 e4 25. f3 f5 26. fxe4 fxe4 27. Rf1 Qe7 28.
Rxf4 Bxf4 29. Qxf4 Rb7 30. Rf1 Kh7 31. Nf5 Qe6 32. Nfg3 Rbg7 33. Kh1 Qg4 34.
Qd6 Ba6 35. c4 Bb7 36. Rf4 Qg5 37. Rf5 Qd2 38. Rf1 Rg6 39. Qd7+ R8g7 40. Qf5
Qxa2 41. Nf4 e3 42. Ngh5 e2 43. Rg1 Bc8 44. Nf6+ Kh8 45. Nxg6+ Rxg6 46. Qxg6
1-0

[Event "MCR_KT33"]
[Site "?"]
[Date "2007.??.??"]
[Round "?"]
[White "Hampl, Bohumil"]
[Black "Masek, Frantisek"]
[Result "1-0"]
[WhiteElo "1930"]
[BlackElo "1864"]
[PlyCount "91"]
[EventDate "2007.??.??"]
[EventType "corr"]
[EventRounds "2"]
[SourceDate "2007.05.01"]

1. e4 e5 2. Nf3 d6 3. d4 Nf6 4. Nc3 Nbd7 5. Bc4 exd4 6. Nxd4 Be7 7. O-O O-O 8.
Qe2 Nb6 9. Bb3 c5 10. Nf3 Be6 11. Bxe6 fxe6 12. Ng5 Qd7 13. e5 Nfd5 14. Nxd5
exd5 15. e6 Qc7 16. Qh5 Bxg5 17. Bxg5 Rae8 18. Rfe1 Qc8 19. Qe2 Rf5 20. f4 h6
21. Qg4 Rxe6 22. Rxe6 Qxe6 23. Bxh6 Qe3+ 24. Kf1 Rf7 25. b3 Qc3 26. Re1 Nd7 27.
Re8+ Nf8 28. Qg5 a5 29. Re2 Qa1+ 30. Kf2 Qf6 31. Qxf6 Rxf6 32. Bg5 Re6 33. c4
Rxe2+ 34. Kxe2 dxc4 35. bxc4 Ne6 36. h4 Kh7 37. Ke3 Nc7 38. Bd8 Ne8 39. g4 a4
40. Ke4 Kg8 41. h5 Kf7 42. g5 Ke6 43. h6 gxh6 44. gxh6 Nf6+ 45. Bxf6 Kxf6 46.
f5 1-0